000
00331 a2200157 4500
001
188409
020
_a
978-85-60160-23-5
040
_c
Magnum
100
_a
Ondjaki
240
1
0
_a
Os da minha rua
_l
por
245
1
0
_a
Os da minha rua
300
_a
159
362
0
_a
2007
697
_a
LITERATURA GERAL ESTRANGEIRA
942
_c
BK
999
_c
188409
_d
188409